[Event "Bodensee-Cup 8th"]
[Site "Landau"]
[Date "2002.05.05"]
[Round "3"]
[White "Prusikin, Michael"]
[Black "Duppel, Matthias"]
[Result "1-0"]
[WhiteElo "2519"]
[BlackElo "2446"]
[PlyCount "93"]
[EventDate "2002.05.03"]
[EventType "team-tourn"]
[EventRounds "3"]
[EventCountry "GER"]
[SourceTitle "EXT 2004"]
[Source "ChessBase"]
[SourceDate "2003.11.25"]
[SourceVersion "1"]
[SourceVersionDate "2003.11.25"]
[SourceQuality "1"]

1. e4 e6 2. d4 d5 3. Nd2 c5 4. exd5 Qxd5 5. Ngf3 cxd4 6. Bc4 Qd6 7. Qe2 Nf6 8. Nb3 Nc6 9. Bg5 a6 10. 0-0-0 b5 11. Bd3 Bd7 12. Kb1 Be7 13. Rhe1 Rd8 14. Bh4 Nh5 15. Bxe7 Qxe7 16. Nfxd4 Nxd4 17. Nxd4 Nf4 18. Qg4 Qf6 19. Nf5 Nxd3 20. Nxg7+ Kf8 21. Rxd3 Qxg7 22. Qxg7+ Kxg7 23. Red1 Kf6 24. Rxd7 Rxd7 25. Rxd7 Rg8 26. g3 Rg5 27. b4 Rg4 28. c3 Re4 29. Kc2 Re2+ 30. Rd2 Re1 31. Rd6 Re2+ 32. Kb3 Rxf2 33. Rxa6 Rxh2 34. Rb6 Rh5 35. c4 bxc4+ 36. Kxc4 Rg5 37. a4 Rxg3 38. a5 Ra3 39. a6 Ke5 40. b5 f5 41. Kc5 f4 42. Rb8 f3 43. Kb6 Ra4 44. a7 f2 45. Rf8 Rf4 46. Rxf4 Kxf4 47. a8Q 1-0

[Event "Bodensee-Cup 8th"]
[Site "Landau"]
[Date "2002.05.03"]
[Round "1"]
[White "Duppel, Matthias"]
[Black "Kelecevic, Nedeljko"]
[Result "1-0"]
[WhiteElo "2446"]
[BlackElo "2411"]
[PlyCount "75"]
[EventDate "2002.05.03"]
[EventType "team-tourn"]
[EventRounds "3"]
[EventCountry "GER"]
[SourceTitle "EXT 2004"]
[Source "ChessBase"]
[SourceDate "2003.11.25"]
[SourceVersion "1"]
[SourceVersionDate "2003.11.25"]
[SourceQuality "1"]

1. e4 e6 2. d4 d5 3. Nc3 Nf6 4. Bg5 Be7 5. e5 Nfd7 6. Bxe7 Qxe7 7. f4 a6 8. Nf3 c5 9. Qd2 Nc6 10. dxc5 Qxc5 11. Bd3 b5 12. 0-0-0 b4 13. Ne2 a5 14. Rhe1 Ba6 15. Kb1 g6 16. g4 Bxd3 17. cxd3 Qf2 18. Rf1 Qb6 19. Rc1 a4 20. d4 Na5 21. f5 Nc4 22. Qf4 h6 23. Nd2 Nxd2+ 24. Qxd2 g5 25. Ng3 Kd8 26. Ne2 Qb5 27. Qc2 Qb6 28. fxe6 fxe6 29. Qg6 Qa6 30. Qg7 Re8 31. Rf7 Ra7 32. Qxh6 Qd3+ 33. Ka1 Qd2 34. h4 a3 35. Qxg5+ Qxg5 36. hxg5 Rg8 37. Nf4 Ke8 38. Rh7 1-0

[Event "Bundesliga 0102"]
[Site "Germany"]
[Date "2002.04.27"]
[Round "14.6"]
[White "Duppel, Matthias"]
[Black "Van den Doel, Erik"]
[Result "1/2-1/2"]
[WhiteElo "2455"]
[BlackElo "2607"]
[PlyCount "76"]
[EventDate "2001.10.06"]
[EventType "team-tourn"]
[EventRounds "15"]
[EventCountry "GER"]
[SourceTitle "EXT 2003"]
[Source "ChessBase"]
[SourceDate "2002.11.25"]
[SourceVersion "1"]
[SourceVersionDate "2002.11.25"]
[SourceQuality "1"]
[WhiteTeam "Stuttgart"]
[BlackTeam "Koeln Porz"]
[WhiteTeamCountry "GER"]
[BlackTeamCountry "GER"]

1. Nf3 d5 2. g3 g6 3. Bg2 Bg7 4. d4 Nf6 5. 0-0 0-0 6. c4 dxc4 7. Na3 c3 8. bxc3 c5 9. Nc4 Nc6 10. Nfe5 Nd5 11. Bb2 Nxe5 12. Nxe5 Nb6 13. Nf3 Bd7 14. Ba3 Na4 15. Rc1 Rc8 16. Qb3 b5 17. Rfd1 c4 18. Qc2 Re8 19. Rb1 Bf5 20. e4 Bxe4 21. Qxe4 Nxc3 22. Qc2 Nxd1 23. Rxd1 Qa5 24. Bc5 e5 25. Bh3 f5 26. Bf1 Qc7 27. Rb1 a6 28. a4 exd4 29. Bxd4 Bxd4 30. Nxd4 Qe5 31. Qc3 Rcd8 32. Ne2 Qe4 33. Rc1 Qd3 34. axb5 axb5 35. Qb2 Qb3 36. Qxb3 cxb3 37. Rb1 Rd2 38. Rxb3 Rdxe2 1/2-1/2

[Event "Bundesliga 0102"]
[Site "Germany"]
[Date "2002.02.24"]
[Round "9.7"]
[White "Naumann, Alexander"]
[Black "Duppel, Matthias"]
[Result "0-1"]
[WhiteElo "2480"]
[BlackElo "2455"]
[PlyCount "128"]
[EventDate "2001.10.06"]
[EventType "team-tourn"]
[EventRounds "15"]
[EventCountry "GER"]
[SourceTitle "EXT 2003"]
[Source "ChessBase"]
[SourceDate "2002.11.25"]
[SourceVersion "1"]
[SourceVersionDate "2002.11.25"]
[SourceQuality "1"]
[WhiteTeam "Solingen"]
[BlackTeam "Stuttgart"]
[WhiteTeamCountry "GER"]
[BlackTeamCountry "GER"]

1. Nf3 d5 2. d4 c6 3. c4 Nf6 4. Nc3 dxc4 5. a4 Bf5 6. Ne5 Nbd7 7. Nxc4 Qc7 8. g3 e5 9. dxe5 Nxe5 10. Bf4 Nfd7 11. Bg2 g5 12. Nxe5 gxf4 13. Nxd7 0-0-0 14. Qd4 Qxd7 15. Qxf4 Bd6 16. Qh6 Be5 17. 0-0 Qe6 18. Qe3 Bd4 19. Qf4 Qe5 20. Qc1 Qc5 21. Qh6 Rd6 22. Qh5 Bg6 23. Qxc5 Bxc5 24. Be4 Bd4 25. Bxg6 hxg6 26. e3 Bg7 27. Rac1 Rhd8 28. b4 f5 29. Ne2 Kc7 30. Rc4 Be5 31. Nc1 Rd2 32. Nb3 Rb2 33. Nc5 Rdd2 34. Rh4 b6 35. Rh7+ Kc8 36. Na6 Rd7 37. Rxd7 Kxd7 38. Rd1+ Bd6 39. Nb8+ Kc7 40. Na6+ Kd7 41. Rd4 Ke6 42. Rh4 c5 43. bxc5 bxc5 44. Rh7 c4 45. Nc7+ Ke5 46. Nb5 a6 47. Nxd6 Kxd6 48. Rh8 Kc5 49. Kf1 c3 50. Ke1 Kb4 51. Kd1 Rxf2 52. Rb8+ Kxa4 53. Rb6 Rxh2 54. Rxg6 a5 55. Rb6 Rd2+ 56. Kc1 Re2 57. Rf6 Kb3 58. Rb6+ Kc4 59. Rf6 Kd3 60. Rd6+ Kxe3 61. Rd5 a4 62. Re5+ Kd3 63. Rd5+ Kc4 64. Rxf5 a3 0-1

[Event "Bundesliga 0102"]
[Site "Germany"]
[Date "2002.02.02"]
[Round "6.6"]
[White "Duppel, Matthias"]
[Black "Hansen, Lars Bo"]
[Result "0-1"]
[WhiteElo "2455"]
[BlackElo "2586"]
[PlyCount "79"]
[EventDate "2001.10.06"]
[EventType "team-tourn"]
[EventRounds "15"]
[EventCountry "GER"]
[SourceTitle "EXT 2003"]
[Source "ChessBase"]
[SourceDate "2002.11.25"]
[SourceVersion "1"]
[SourceVersionDate "2002.11.25"]
[SourceQuality "1"]
[WhiteTeam "Stuttgart"]
[BlackTeam "Luebeck"]
[WhiteTeamCountry "GER"]
[BlackTeamCountry "GER"]

1. d4 d5 2. c4 e6 3. Nc3 Nf6 4. cxd5 exd5 5. Bg5 Be7 6. e3 c6 7. Qc2 Nbd7 8. Bd3 Nh5 9. Bxe7 Qxe7 10. 0-0-0 Nb6 11. h3 g6 12. Nf3 Ng7 13. g4 Be6 14. Kb1 0-0 15. Ne2 Rac8 16. Rc1 c5 17. dxc5 Nd7 18. Nf4 Nxc5 19. Nd4 Qd6 20. Qd2 Bd7 21. Rc2 Nge6 22. Nde2 Nxf4 23. Nxf4 d4 24. e4 Nxd3 25. Nxd3 Rxc2 26. Qxc2 Rc8 27. Qd2 Ba4 28. Rc1 Rxc1+ 29. Nxc1 Bc6 30. f3 Qg3 31. Qd1 Qxh3 32. Nb3 Ba4 33. Qxd4 Qxf3 34. g5 Bc6 35. Nc5 Qf1+ 36. Kc2 Qg2+ 37. Kc3 Qxg5 38. Qd6 h5 39. Qb8+ Kh7 40. Qd6 0-1